Crime, Prison, and Female Labor Supply
This paper introduces the vector autoregressive (VAR) methodology into themainstream of applied criminological research as an alternative to theestimation of structural models of crime. The paper presents cointegrationtest statistics for a second-order VAR of crime, prison population, femalelabor fo...
| Authors: | ; |
|---|---|
| Format: | Electronic Article |
| Language: | English |
| Published: |
2000
|
| In: |
Journal of quantitative criminology
Year: 2000, Volume: 16, Issue: 1, Pages: 69-85 |
| Online Access: |
Volltext (lizenzpflichtig) Volltext (lizenzpflichtig) |
| Check availability: | HBZ Gateway |
| Keywords: |
MARC
| LEADER | 00000caa a22000002c 4500 | ||
|---|---|---|---|
| 001 | 1764278321 | ||
| 003 | DE-627 | ||
| 005 | 20260427204237.0 | ||
| 007 | cr uuu---uuuuu | ||
| 008 | 210725s2000 xx |||||o 00| ||eng c | ||
| 024 | 7 | |a 10.1023/A:1007525527967 |2 doi | |
| 035 | |a (DE-627)1764278321 | ||
| 035 | |a (DE-599)KXP1764278321 | ||
| 040 | |a DE-627 |b ger |c DE-627 |e rda | ||
| 041 | |a eng | ||
| 084 | |a 2,1 |2 ssgn | ||
| 100 | 1 | |a Witt, Robert |e VerfasserIn |4 aut | |
| 109 | |a Witt, Robert |a Witt, Robert J. |a Witt, R. | ||
| 245 | 1 | 0 | |a Crime, Prison, and Female Labor Supply |
| 264 | 1 | |c 2000 | |
| 336 | |a Text |b txt |2 rdacontent | ||
| 337 | |a Computermedien |b c |2 rdamedia | ||
| 338 | |a Online-Ressource |b cr |2 rdacarrier | ||
| 520 | |a This paper introduces the vector autoregressive (VAR) methodology into themainstream of applied criminological research as an alternative to theestimation of structural models of crime. The paper presents cointegrationtest statistics for a second-order VAR of crime, prison population, femalelabor force participation, and durable consumption. Our results for theimpact of imprisonment on the crime rate are similar to Levitt's (1996)and substantially larger than previous estimates (e.g., Marvell and Moody,1994). We find that the short-run response of the crime rate to increasedlabor force participation of women is larger than the long-run effect. Theimplication is that major social changes, like the increased labor supply ofwomen, may have surprising impacts and that social institutions may takesome substantial period of time to adjust to such major changes. | ||
| 650 | 4 | |a female labor supply | |
| 650 | 4 | |a Crime | |
| 650 | 4 | |a conditional model | |
| 650 | 4 | |a Cointegration | |
| 700 | 1 | |8 1\p |a Witte, Ann Barbara |e VerfasserIn |0 (DE-588)1057141291 |0 (DE-627)795669364 |0 (DE-576)413719138 |4 aut | |
| 773 | 0 | 8 | |i Enthalten in |t Journal of quantitative criminology |d New York, NY [u.a.] : Springer Science + Business Media B.V., 1985 |g 16(2000), 1, Seite 69-85 |h Online-Ressource |w (DE-627)320578003 |w (DE-600)2017241-2 |w (DE-576)104082321 |x 1573-7799 |7 nnas |
| 773 | 1 | 8 | |g volume:16 |g year:2000 |g number:1 |g pages:69-85 |
| 787 | 0 | 8 | |i Forschungsdaten |a United States Department of Justice. Federal Bureau of Investigation |t Uniform Crime Reports: County Level Detailed Arrest and Offense Data, 1988 |d [Erscheinungsort nicht ermittelbar] : [Verlag nicht ermittelbar], 1990 |w (DE-627)1840063297 |
| 787 | 0 | 8 | |i Forschungsdaten |a United States Department of Justice. Federal Bureau of Investigation |t Uniform Crime Reports: County Level Detailed Arrest and Offense Data, 1985 and 1987 |d [Erscheinungsort nicht ermittelbar] : [Verlag nicht ermittelbar], 1990 |w (DE-627)1840063165 |
| 787 | 0 | 8 | |i Forschungsdaten |a United States Department of Justice. Federal Bureau of Investigation |t Uniform Crime Reports: County Level Arrest and Offense Data, 1986 |d [Erscheinungsort nicht ermittelbar] : [Verlag nicht ermittelbar], 1989 |w (DE-627)184006577X |
| 787 | 0 | 8 | |i Forschungsdaten |a United States Department of Justice. Federal Bureau of Investigation |t Uniform Crime Reports: Arrest Data for the 75 Most Populous Counties in the United States, 1986 |d [Erscheinungsort nicht ermittelbar] : [Verlag nicht ermittelbar], 1989 |w (DE-627)1840060077 |
| 787 | 0 | 8 | |i Forschungsdaten |a United States Department of Justice. Federal Bureau of Investigation |t Uniform Crime Reporting Program Data (United States): County-Level Detailed Arrest and Offense Data, 1995 |d [Erscheinungsort nicht ermittelbar] : [Verlag nicht ermittelbar], 1997 |w (DE-627)1840060948 |
| 787 | 0 | 8 | |i Forschungsdaten |a United States Department of Justice. Federal Bureau of Investigation |t Uniform Crime Reporting Program Data (United States): County-Level Detailed Arrest and Offense Data, 1994 |d [Erscheinungsort nicht ermittelbar] : [Verlag nicht ermittelbar], 1997 |w (DE-627)1840063025 |
| 787 | 0 | 8 | |i Forschungsdaten |a United States Department of Justice. Federal Bureau of Investigation |t Uniform Crime Reporting Program Data (United States): County-Level Detailed Arrest and Offense Data, 1993 |d [Erscheinungsort nicht ermittelbar] : [Verlag nicht ermittelbar], 1995 |w (DE-627)1902797868 |
| 787 | 0 | 8 | |i Forschungsdaten |a United States Department of Justice. Federal Bureau of Investigation |t Uniform Crime Reporting Program Data (United States): County-Level Detailed Arrest and Offense Data, 1992 |d [Erscheinungsort nicht ermittelbar] : [Verlag nicht ermittelbar], 1994 |w (DE-627)184006305X |
| 787 | 0 | 8 | |i Forschungsdaten |a United States Department of Justice. Federal Bureau of Investigation |t Uniform Crime Reporting Program Data (United States): County-Level Detailed Arrest and Offense Data, 1991 |d [Erscheinungsort nicht ermittelbar] : [Verlag nicht ermittelbar], 1994 |w (DE-627)1840063017 |
| 787 | 0 | 8 | |i Forschungsdaten |a United States Department of Justice. Federal Bureau of Investigation |t Uniform Crime Reporting Program Data (United States): County-Level Detailed Arrest and Offense Data, 1990 |d [Erscheinungsort nicht ermittelbar] : [Verlag nicht ermittelbar], 1993 |w (DE-627)1840063246 |
| 787 | 0 | 8 | |i Forschungsdaten |a United States Department of Justice. Federal Bureau of Investigation |t Uniform Crime Reporting Program Data (United States): County-Level Detailed Arrest and Offense Data, 1989 |d [Erscheinungsort nicht ermittelbar] : [Verlag nicht ermittelbar], 1992 |w (DE-627)1840062967 |
| 787 | 0 | 8 | |i Forschungsdaten |a United States Department of Justice. Federal Bureau of Investigation |t Uniform Crime Reporting Program Data (United States): County Level Arrest and Offenses Data, 1977-1983 |d [Erscheinungsort nicht ermittelbar] : [Verlag nicht ermittelbar], 1988 |w (DE-627)1840061073 |
| 787 | 0 | 8 | |i Forschungsdaten |a United States Department of Justice. Federal Bureau of Investigation |t Uniform Crime Reporting Program Data (United States): Property Stolen and Recovered, 1966-1976 |d [Erscheinungsort nicht ermittelbar] : [Verlag nicht ermittelbar], 1984 |w (DE-627)1840060085 |
| 856 | 4 | 0 | |u http://link.springer.com/openurl/pdf?id=doi:10.1023/A:1007525527967 |x Verlag |z lizenzpflichtig |3 Volltext |7 1 |
| 856 | 4 | 0 | |u https://doi.org/10.1023/A:1007525527967 |x Resolving-System |z lizenzpflichtig |3 Volltext |7 1 |
| 883 | |8 1\p |a cgwrk |d 20250301 |q DE-101 |u https://d-nb.info/provenance/plan#cgwrk | ||
| 889 | |w (DE-627)1912499061 | ||
| 935 | |a mkri | ||
| 951 | |a AR | ||
| ELC | |a 1 | ||
| LOK | |0 000 xxxxxcx a22 zn 4500 | ||
| LOK | |0 001 3957451914 | ||
| LOK | |0 003 DE-627 | ||
| LOK | |0 004 1764278321 | ||
| LOK | |0 005 20260427095426 | ||
| LOK | |0 008 210725||||||||||||||||ger||||||| | ||
| LOK | |0 035 |a (DE-2619)KrimDok#2021-07-24#A47DCEB0DD548C046001F5CA554D9D655C63ADE2 | ||
| LOK | |0 035 |a (DE-2619)ICPSR32334 | ||
| LOK | |0 040 |a DE-2619 |c DE-627 |d DE-2619 | ||
| LOK | |0 092 |o n | ||
| LOK | |0 852 |a DE-2619 | ||
| LOK | |0 852 1 |9 00 | ||
| LOK | |0 935 |a zota |a nacp | ||
| LOK | |0 939 |a 2021-07-25 |b l01 | ||
| ORI | |a WA-MARC-krimdoka001.raw | ||
